| 000 | 01003nam a22003017a 4500 | ||
|---|---|---|---|
| 003 | CHAP | ||
| 005 | 20220329135815.0 | ||
| 008 | 971013s1979 r 00010 d | ||
| 010 | _a42515 | ||
| 011 | _a43487 | ||
| 035 | _a47623 | ||
| 040 | _cCHAP | ||
| 082 |
_a631.371 _bE8 |
||
| 110 |
_aE.U.A. Department of Agriculture _934876 |
||
| 245 | _aSolar energy and nonfossil fuel research ; a directory of projects related to agriculture, 1976-79 | ||
| 260 |
_aWashington : _bThe Department, _c1979 |
||
| 300 | _as.p. | ||
| 490 |
_aMiscellaneous publications _v; 1378 |
||
| 590 |
_aBATCH-UPD _b10 _c20130110 _lUCH01 _h2028 |
||
| 590 |
_aBATCH-UPD _b10 _c20130410 _lUCH01 _h1345 |
||
| 590 |
_aBATCH-UPD _b10 _c20130914 _lUCH01 _h1307 |
||
| 590 |
_aCONVERSION _b10 _c20130109 _lUCH01 _h1323 |
||
| 650 | 1 | 4 |
_aEnergĂa solar en agricultura. _936913 |
| 830 | 0 |
_aMiscellaneous publications _v; 1378 _976166 |
|
| 901 | _aBK | ||
| 942 | _cLIBRO | ||
| 949 |
_a631.371 E8 _bBC _cC _d33724000121216 _eC _h47776 _i47623 _mD _si |
||
| 999 |
_c42515 _d42515 |
||